Visualizzazione normale
Vista MARC
- Libros antiguos
di Topical Term
Records bibliografici associati: 1
001 - CONTROL NUMBER
- control field: 23056
003 - CONTROL NUMBER IDENTIFIER
- control field: IT-RoINE
005 - DATE AND TIME OF LATEST TRANSACTION
- control field: 20170213102046.0
008 - FIXED-LENGTH DATA ELEMENTS
- fixed length control field: 160324|| aca||aabn | a|a d
040 ## - CATALOGING SOURCE
- Original cataloging agency: IT-RoINE
- Transcribing agency: IT-RoINE
150 ## - HEADING--TOPICAL TERM
- Topical term or geographic name as entry element: Libros antiguos
- Geographic subdivision: España
- Geographic subdivision: Alcalá de Henares
- Form subdivision: Bibliografía
670 ## - SOURCE DATA FOUND
- Source citation: Work cat.: (IT-RoINE)0: Martín Abad, Julián, 1946- 23053, La imprenta en Alcalá de Henares (1502-1600) /, 1991